000 00298nam a2200121Ia 4500
005 20251222141949.0
008 251222s9999||||xx |||||||||||||| ||spa||
082 _aREF.463/G22
100 _aGarcía Hoz, Víctor
245 0 _aDiccionario Escolar Básico
264 _bQuinto Centenario
942 _cLIB
999 _c9635
_d9635